Análisis fonológico de un idiolecto cabecar del Valle de la Estrella

Guardado en:
Bibliografiske detaljer
Hovedforfatter: Morice Cruz, Nelly y Zamora Picado, Teresita
Format: Bog
Sprog:Undetermined
Udgivet: San José, Costa Rica Escuela de Filología, Lingüística y Literatura,Universidad de Costa Rica 1980
Fag:
Tags: Tilføj Tag
Ingen Tags, Vær først til at tagge denne postø!

MARC

LEADER 00000nam a2200000Ia 4500
008 170316s9999 xx 000 0 und d
040 |a cru BVZT 
090 |a TESIS 4 
100 |a Morice Cruz, Nelly y Zamora Picado, Teresita 
245 |a Análisis fonológico de un idiolecto cabecar del Valle de la Estrella 
260 |a San José, Costa Rica 
260 |b Escuela de Filología, Lingüística y Literatura,Universidad de Costa Rica 
260 |c 1980 
300 |a 99 páginas 
650 |a LICENCIATURA EN LINGÜÍSTICA 
650 |a TRABAJO FINAL DE GRADUACIÓN 
999 |c 14034  |d 14034 
942 |c TFG  |h TESIS 4  |2 z